Statystyki dla Young Leosia - Hulanki

Kliknij tutaj aby rozwiązać quiz!

Ogólne statystyki

  • Ten quiz został rozwiązany 17 razy
  • Średni wynik to 6 z 7

Statystyki odpowiedzi

NumerTytułGość% Poprawnych
5Jungle GirlŻabson
94%
2Szklanki
94%
3Baila Ella
88%
6StonerkiOliwka Brazil
88%
1Pościg
75%
4Wyspy
75%
7Solitaire
63%

Rozkład punktacji

Percentyl według liczby udzielonych odpowiedzi

Procent ludzi z każdym wynikiem

Twoja historia wyników

Nie rozwiązałeś tego quizu